The valuer in the community (Record no. 85909)

MARC details
000 -LEADER
fixed length control field 00402cam a2200169 4500
001 - CONTROL NUMBER
control field D12452
008 - FIXED-LENGTH DATA ELEMENTS--GENERAL INFORMATION
fixed length control field 090401t1962 xxu||||| |||| 00| 0 eng d
035 ## - SYSTEM CONTROL NUMBER
System control number (Sirsi) u3612
041 ## - LANGUAGE CODE
Language code of text/sound track or separate title eng
110 ## - MAIN ENTRY--CORPORATE NAME
Corporate name or jurisdiction name as entry element Commonwealth Institute of Valuers
9 (RLIN) 409
245 04 - TITLE STATEMENT
Title The valuer in the community
260 ## - PUBLICATION, DISTRIBUTION, ETC.
Place of publication, distribution, etc. Melbourne
Name of publisher, distributor, etc. CIV
Date of publication, distribution, etc. 1962
350 ## - PRICE (NR) (BK AM CF MU VM SE) [OBSOLETE]
Price 0
520 ## - SUMMARY, ETC.
Summary, etc. Shelf 178
942 ## - ADDED ENTRY ELEMENTS (KOHA)
Suppress in OPAC 0
948 ## - LOCAL PROCESSING INFORMATION (OCLC); SERIES PART DESIGNATOR (RLIN)
c (OCLC) 04/03/1997
Holdings
Withdrawn status Lost status Source of classification or shelving scheme Damaged status Not for loan Home library Current library Shelving location Date acquired Total Checkouts Full call number Barcode Date last seen Copy number Price effective from Koha item type
    Other/Generic Classification Scheme     London London Basement 14/09/1999   SHELF 178 30014263 06/08/2019 1 06/08/2019 Reference material